Normal view
MARC view
- Incropera, Frank P
Entry Personal Name
001 - CONTROL NUMBER
- control field: 9033
003 - CONTROL NUMBER IDENTIFIER
- control field: NUST
005 - DATE AND TIME OF LATEST TRANSACTION
- control field: 20180119091711.0
008 - FIXED-LENGTH DATA ELEMENTS
- fixed length control field: 180119|| aca||aabn | a|a d
040 ## - CATALOGING SOURCE
- Original cataloging agency: NUST
- Transcribing agency: NUST
100 ## - HEADING--PERSONAL NAME
- Personal name: Incropera, Frank P
670 ## - SOURCE DATA FOUND
- Source citation: Work cat.: (NUST)299129: Incropera, Frank P, Fundamentals of Heat and Mass Transfer, 1996
